L'ingegnere in blu /

Gespeichert in:
Bibliographische Detailangaben
1. Verfasser: Arbasino, Alberto (Verfasst von)
Format: Buch
Sprache:Italienisch
Veröffentlicht: Milano : Adelphi, 2008
Ausgabe:2. ed
Schriftenreihe:Piccola biblioteca Adelphi ; 565
Tags: Tag hinzufügen
Keine Tags, Fügen Sie das erste Tag hinzu!

MARC

LEADER 00000nam a22000007i 4500
001 IT\ICCU\LUA\0243376
003 ItRI
005 20241012104305.0
008 100701s2008 it |||||| |||||1|||||c
020 |a 9788845922404 
040 |b ita  |c CT 
041 7 |a ita  |2 ISO-639-2 
100 1 |a Arbasino, Alberto  |0 IT\ICCU\CFIV\060368  |4 aut 
240 1 2 |a L'ingegnere in blu  |9 Arbasino, Alberto 
245 1 2 |a L'ingegnere in blu /  |c Alberto Arbasino. 
250 |a 2. ed 
260 |a Milano :  |b Adelphi,  |c 2008 
300 |a 186 p.,1. ritr. ;  |c 19 cm 
830 0 |a Piccola biblioteca Adelphi ;  |v 565  |0 IT\ICCU\CFI\0003745 
942 |2 ddc  |c BK 
952 |0 0  |1 0  |2 ddc  |4 0  |6 853_914000000000000_ARB_ING  |7 1  |9 2110  |a GE  |b GE  |d 2024-10-12  |l 0  |o 853.914 ARB ING  |p 1297  |r 2024-10-12 10:44:48  |w 2024-10-12  |x Donazione di Alvaro Bazzano  |y BK  |z Donazione AB 
981 1 |6 z01  |a i   |b xxxe  
982 1 |6 z01  |a n 
999 |c 1851  |d 1851